000 00712nam a2200217 u 4500
001 000025457
005 20200930023812.0
008 110216s1970 mx a r 000 0 spa d
040 _aDO-SdBNP
_bspa
_cBNPHU
041 1 7 _aspa
_hfre
_2Código de idiomas MARC
082 _ann*
_bnn*
240 1 0 _aRenoir.
_lEspañol
245 0 0 _aBiblioteca de selecciones /
_cTraducción de Salustiano Masó.
260 _aMéxico, D. F. :
_bReader´s Digest,
_c1970.
300 _a526 p. :
_bil. ;
_c19 cm.
490 1 _aObras Contemporáneas de Mayor Éxito
534 _aTítulo del original :
_tRenoir
700 1 _aMasó, Salustiano,
_etr.
_929539
830 0 _aObras Contemporáneas de Mayor Éxito
_952071
049 _aBNGR
999 _c24949
_d24949